Countries of Europe - Speed run - Statistics

General Stats
  • This quiz has been taken 50 times
  • The average score is 16 of 45
Answers on the Map
Answers color-coded by a green-red scale on the quiz's map according to % correct below.
 
Answer Stats
Answer % Correct
Italy
81%
Portugal
74%
Denmark
71%
Finland
68%
Bulgaria
65%
Germany
65%
Austria
58%
Luxembourg
58%
Moldova
58%
Spain
58%
Albania
55%
Romania
48%
Russia
45%
Switzerland
45%
UK
45%
Montenegro
42%
Norway
42%
Latvia
39%
Netherlands
39%
Monaco
35%
Sweden
35%
Croatia
32%
Kosovo
32%
San Marino
32%
Serbia
32%
Andorra
29%
Hungary
29%
Greece
26%
Liechtenstein
26%
Lithuania
26%
North Macedonia
26%
Vatican City
26%
France
23%
Iceland
23%
Bosnia and Herzegovina
19%
Estonia
19%
Belgium
16%
Czech Republic
16%
Ireland
16%
Poland
16%
Belarus
10%
Slovakia
10%
Ukraine
10%
Malta
6%
Slovenia
6%
No matching quizzes found
Score Distribution
Percent of People with Each Score
Percentile by Number Answered
Your Score History
You have not taken this quiz